| 000 | 00645cab a2200229 4500 | ||
|---|---|---|---|
| 001 | ABS60434 | ||
| 008 | 090401t1999 xxu||||| |||| 00| 0 eng d | ||
| 035 | _a(Sirsi) u93207 | ||
| 041 | _aeng | ||
| 100 | _aJayne, M.R. | ||
| 245 | _aBREEAM provides new and growing opportunities for work for building surveyors | ||
| 260 | _c1999 | ||
| 350 | _a0 | ||
| 490 |
_aStructural Survey _v17 (1) 1999, 18-21(4) |
||
| 650 | _aBREEAM | ||
| 650 | _aBUILDING RESEARCH ESTABLISHMENT | ||
| 650 | _aBUILDING SURVEYORS | ||
| 650 | _aENVIRONMENTAL ASSESSMENTS | ||
| 690 | _aBUILT ENVIRONMENT-BUILDING INSPECTION | ||
| 942 | _n0 | ||
| 948 | _c07/05/1999 | ||
| 999 |
_c59075 _d59075 |
||